[Event "Wch U16 Girls"]
[Site "Kemer"]
[Date "2009.11.20"]
[Round "9"]
[White "Soylemez, Cansu"]
[Black "Chakvetadze, Dea"]
[Result "1-0"]
[WhiteElo "1913"]
[BlackElo "1696"]
[PlyCount "97"]
[EventDate "2009.11.12"]
[EventType "swiss"]
[EventRounds "11"]
[EventCountry "TUR"]
[SourceTitle "EXT 2010"]
[Source "ChessBase"]
[SourceDate "2010.11.25"]
[SourceVersion "1"]
[SourceVersionDate "2010.11.25"]
[SourceQuality "1"]

1. d4 Nf6 2. c4 e6 3. Nf3 Bb4+ 4. Nbd2 b6 5. a3 Bxd2+ 6. Bxd2 Bb7 7. e3 0-0 8. Bd3 d6 9. 0-0 Nbd7 10. Bc3 Qe7 11. Re1 e5 12. e4 h6 13. b4 c5 14. bxc5 bxc5 15. d5 Nb6 16. a4 Rab8 17. a5 Na8 18. Qd2 Bc8 19. g3 Nc7 20. Nh4 g5 21. Nf5 Bxf5 22. exf5 Na6 23. f4 Nd7 24. fxe5 Nxe5 25. Bxe5 dxe5 26. Kg2 f6 27. h4 Qg7 28. hxg5 Qxg5 29. Qxg5+ hxg5 30. Rh1 Rb3 31. Be2 Rb2 32. Kf2 Kg7 33. Rh5 Rh8 34. Rxh8 Kxh8 35. Rd1 Nb8 36. d6 Nd7 37. Ke3 Rb3+ 38. Rd3 Rxd3+ 39. Bxd3 Kg7 40. Ke4 Kf7 41. Kd5 Ke8 42. Kc6 Kd8 43. Kb7 Nf8 44. Kxa7 Kd7 45. Kb7 Kxd6 46. a6 e4 47. Bxe4 Ke5 48. a7 Kxe4 49. a8Q 1-0

[Event "Wch U16 Girls"]
[Site "Kemer"]
[Date "2009.11.13"]
[Round "3"]
[White "Sop, Selen"]
[Black "Chakvetadze, Dea"]
[Result "0-1"]
[WhiteElo "1906"]
[BlackElo "1696"]
[PlyCount "80"]
[EventDate "2009.11.12"]
[EventType "swiss"]
[EventRounds "11"]
[EventCountry "TUR"]
[SourceTitle "EXT 2010"]
[Source "ChessBase"]
[SourceDate "2010.11.25"]
[SourceVersion "1"]
[SourceVersionDate "2010.11.25"]
[SourceQuality "1"]

1. c4 c5 2. Nc3 g6 3. g3 Bg7 4. Bg2 Nc6 5. Nf3 e5 6. 0-0 Nge7 7. Ne1 0-0 8. Nc2 f5 9. Ne3 f4 10. Ned5 Nd4 11. d3 Nxd5 12. Nxd5 g5 13. Rb1 a5 14. a3 d6 15. b4 axb4 16. axb4 Ra2 17. Nc3 Rc2 18. Bd2 Bg4 19. f3 Be6 20. bxc5 dxc5 21. Rxb7 Qc8 22. Rb6 Bf6 23. Rf2 Bd8 24. Rb1 Ba5 25. Ne4 Bxd2 26. Nxd2 Qa6 27. Ne4 Ra8 28. Nxc5 Qa2 29. Bf1 Bf5 30. Qe1 g4 31. fxg4 Bxg4 32. gxf4 Kh8 33. Rc1 Rb2 34. Rg2 Nxe2+ 35. Bxe2 Rxe2 36. Rxe2 Bxe2 37. Qf2 Rg8+ 38. Kh1 Qa8+ 39. Ne4 Bxd3 40. h4 Bxe4+ 0-1

[Event "Wch U16 Girls"]
[Site "Kemer"]
[Date "2009.11.12"]
[Round "1"]
[White "Pujari, Rucha"]
[Black "Chakvetadze, Dea"]
[Result "1-0"]
[WhiteElo "2060"]
[BlackElo "1696"]
[PlyCount "52"]
[EventDate "2009.11.12"]
[EventType "swiss"]
[EventRounds "11"]
[EventCountry "TUR"]
[SourceTitle "EXT 2010"]
[Source "ChessBase"]
[SourceDate "2010.11.25"]
[SourceVersion "1"]
[SourceVersionDate "2010.11.25"]
[SourceQuality "1"]

1. e4 c5 2. Nc3 a6 3. f4 Nc6 4. Nf3 d6 5. d3 g6 6. Be2 Bg7 7. 0-0 e6 8. Qe1 Nd4 9. Nxd4 cxd4 10. Nd1 Qc7 11. c3 Ne7 12. Kh1 0-0 13. Bd2 b5 14. Rc1 Qb6 15. Qh4 Qd8 16. cxd4 Bxd4 17. Bf3 Ra7 18. f5 exf5 19. Bg5 Bg7 20. Rxc8 Qxc8 21. Bxe7 Re8 22. Bg5 Qe6 23. Nc3 f6 24. Be3 g5 25. Qf2 Rc7 26. Bd4 Kh8 1-0